| 000 | 00715 a2200241 4500 | ||
|---|---|---|---|
| 003 | OSt | ||
| 005 | 20180116192404.0 | ||
| 008 | 120618t xxu||||| |||| 00| 0 eng d | ||
| 010 | _a 97145867 | ||
| 020 | _a0714828793 : | ||
| 020 | _a9780714840994 | ||
| 040 | _c0 | ||
| 082 | _a709.04 | ||
| 100 | 1 |
_aWeston, Richard, _94717 |
|
| 245 | 1 | 0 |
_aModernism / _cRichard Weston. |
| 260 |
_aLondon : _bPhaidon Press, _c1996. |
||
| 300 |
_a240 p. : _bill. ; _c30 cm. |
||
| 650 | 1 | 0 |
_aArchitecture, Modern _94718 |
| 650 | 1 | 0 |
_aModernism (Art) _xDesign _94719 |
| 650 | 1 | 0 |
_aInternational style (Architecture) _94720 |
| 942 |
_aSADA _cBK _k709.04 WES 1996 _2ddc |
||
| 999 |
_c353380 _d353380 |
||